<?xml version="1.0" encoding="UTF-8"?>
<record
    xmlns:xsi="http://www.w3.org/2001/XMLSchema-instance"
    xsi:schemaLocation="http://www.loc.gov/MARC21/slim http://www.loc.gov/standards/marcxml/schema/MARC21slim.xsd"
    xmlns="http://www.loc.gov/MARC21/slim">

  <leader>00866    a2200229   4500</leader>
  <datafield tag="010" ind1=" " ind2=" ">
    <subfield code="a">ENG-89061</subfield>
  </datafield>
  <datafield tag="020" ind1=" " ind2=" ">
    <subfield code="a">8124603618</subfield>
    <subfield code="c">850.00</subfield>
  </datafield>
  <datafield tag="035" ind1="1" ind2="4">
    <subfield code="a">EN-72594</subfield>
  </datafield>
  <datafield tag="037" ind1="1" ind2=" ">
    <subfield code="b">DBAD / PUB</subfield>
  </datafield>
  <datafield tag="082" ind1="1" ind2="4">
    <subfield code="a">016.70494825</subfield>
  </datafield>
  <datafield tag="090" ind1=" " ind2=" ">
    <subfield code="c">10129</subfield>
    <subfield code="d">10129</subfield>
  </datafield>
  <datafield tag="100" ind1=" " ind2=" ">
    <subfield code="a">Chakraborty, Utpal</subfield>
  </datafield>
  <datafield tag="245" ind1="1" ind2=" ">
    <subfield code="a">Bibliography on Indian Buddhist art and archaeology :</subfield>
    <subfield code="c">by Utpal Chakraborty</subfield>
    <subfield code="b">general and classified under geographical sites /</subfield>
  </datafield>
  <datafield tag="260" ind1=" " ind2=" ">
    <subfield code="a">New Delhi</subfield>
    <subfield code="b">D.K. Printworld</subfield>
    <subfield code="c">2006</subfield>
  </datafield>
  <datafield tag="270" ind1=" " ind2=" ">
    <subfield code="m">dkprintworld@vsnl.net</subfield>
  </datafield>
  <datafield tag="300" ind1=" " ind2=" ">
    <subfield code="a">xxxvi, 500p.</subfield>
    <subfield code="c">23 cm ( Hb)</subfield>
  </datafield>
  <datafield tag="490" ind1=" " ind2=" ">
    <subfield code="a">Perspectives in Indian art and archaeology; no. 6</subfield>
  </datafield>
  <datafield tag="500" ind1=" " ind2=" ">
    <subfield code="a">Includes bibliographical references and index</subfield>
  </datafield>
  <datafield tag="650" ind1=" " ind2=" ">
    <subfield code="a">Art, Buddhist</subfield>
    <subfield code="z">India</subfield>
    <subfield code="x">Bibliography</subfield>
  </datafield>
  <datafield tag="942" ind1=" " ind2=" ">
    <subfield code="a">dpl</subfield>
    <subfield code="c">EN</subfield>
    <subfield code="k">016.70494825 / CHA</subfield>
  </datafield>
  <datafield tag="999" ind1=" " ind2=" ">
    <subfield code="c">9902</subfield>
    <subfield code="d">9902</subfield>
  </datafield>
  <datafield tag="952" ind1=" " ind2=" ">
    <subfield code="0">0</subfield>
    <subfield code="1">0</subfield>
    <subfield code="2">ddc</subfield>
    <subfield code="4">0</subfield>
    <subfield code="7">1</subfield>
    <subfield code="8">NFIC</subfield>
    <subfield code="a">DBAD</subfield>
    <subfield code="b">DBAD</subfield>
    <subfield code="e">DBAD/PUB</subfield>
    <subfield code="g">850.00</subfield>
    <subfield code="l">0</subfield>
    <subfield code="o">016.70494825 CHA</subfield>
    <subfield code="p">EN-72594</subfield>
    <subfield code="r">2008-09-15 00:00:00</subfield>
    <subfield code="t">1</subfield>
    <subfield code="u">10914</subfield>
    <subfield code="v">850.00</subfield>
    <subfield code="w">2008-09-15</subfield>
    <subfield code="y">EN</subfield>
  </datafield>
</record>
